000 01602nam0a2200361 4500
001 RU\NLR\BIBL_A\012365595
005 20201109165017.0
010 _a978-5-6043498-6-1
_9500
021 _aRU
_bКН-П-20-032346
_9КН-П-20-2481
035 _a(NLR Aleph) 012365595
035 _a(RuMoRGB)010350414
090 _a11550097
_c11550097
100 _a20200929d2020 k y0rusy50 ca
101 0 _arus
102 _aRU
105 _aac||z|||000zy
181 0 _ai
_baxxe
182 0 _an
200 1 _aПаркоммуна
_e170 лет большой истории
_e[о жизни и истории поселка Память Парижской коммуны, или Жуковского затона]
_fА. Б. Голубков, А. И. Шашин, Е. Л. Яворовская
203 _aТекст
_bвизуальный
_cнепосредственный
210 _aНижний Новгород
_cКварц
_d2020
215 _a230, [1] с.
_cил., портр.
_d25
320 _aБиблиогр.: с. 230
607 _aПамять Парижской коммуны, поселок (Нижегородская область)
_xИстория
_2nlr_sh2
_3RU\NLR\AUTH\6601677814
686 1 _aТ3(2Р-4Ни)0,02
700 1 _aГолубков
_bА. Б.
_f1934-
_gАндрей Борисович
701 1 _aШашин
_bА. И.
_gАлександр Иванович
701 1 _aЯворовская
_bЕ. Л.
_gЕлена Леонидовна
942 _cBOOK
980 _aNBR
980 _aNB